All Colts Starting NFL Players According To Madden 26 - Statistics

General Stats
  • This quiz has been taken 65 times
  • The average score is 6 of 24
Answer Stats
Position Player % Correct
HB Jonathan Taylor
98%
QB Daniel Jones
95%
WR Alec Pierce
45%
WR Josh Downs
45%
WR Michael Pittman Jr
45%
TE Tyler Warren
45%
LG Quenton Nelson
41%
DT Deforest Buckner
27%
CB Charvarius Ward
16%
MIKE Zaire Franklin
16%
CB Kenny Moore ll
11%
REDG Kwity Paye
11%
LEDG LaiAtu Latu
11%
RT Braden Smith
9%
FS Nick Cross
9%
K Spencer Shrader
9%
LT Bernhard Raimann
7%
SS Camryn Bynum
7%
RG Matt Goncalves
7%
P Rigoberto Sanchez
7%
LS Luke Rhodes
5%
C Tanor Bortolini
5%
SAM Chad Muma
0%
WILL Jaylen Carlies
0%
No matching quizzes found
Score Distribution
Percent of People with Each Score
Percentile by Number Answered
Your Score History
You have not taken this quiz